|
|
|
|
| LEADER |
01108nam a2200253 a 4500 |
| 001 |
4962457 |
| 008 |
090617s1998 ohua b 001 0 eng d |
| 010 |
|
|
|a 97020922
|
| 020 |
|
|
|a 0538879025 (hc)
|
| 040 |
|
|
|a DLC
|c DLC
|d DLC
|
| 082 |
0 |
0 |
|a 658.4
|2 21
|
| 100 |
1 |
|
|a Daft, Richard L.
|
| 245 |
1 |
0 |
|a Organization theory and design /
|c Richard L. Daft.
|
| 250 |
|
|
|a 6th ed.
|
| 260 |
|
|
|a Cincinnati, Ohio :
|b South Western College Publishing,
|c c1998.
|
| 300 |
|
|
|a xiv, 701 p. :
|b col. ill. ;
|c 26 cm.
|
| 500 |
|
|
|a "With cases contributed by Richard Ivey School of Business, The University of Western Ontario. Workbook and workshop exercises written and prepared by Dorothy Marcic."
|
| 504 |
|
|
|a Includes bibliographical references and index.
|
| 541 |
1 |
|
|e 00014855
|
| 650 |
|
0 |
|a Organization.
|
| 650 |
|
0 |
|a Organizational sociology
|x Case studies.
|
| 852 |
4 |
|
|a Ayesha Abed Library
|j General Shelf.
|
| 999 |
|
|
|c 1721
|d 1721
|
| 952 |
|
|
|0 0
|1 0
|2 ddc
|4 0
|6 658_400000000000000_DAF
|7 0
|9 1577
|a BRACUL
|b BRACUL
|c GEN
|d 2009-06-28
|g 0.00
|l 0
|o 658.4 DAF
|p 3010014855
|r 2009-06-28
|t 1
|w 2009-06-28
|y BK
|x No price found in the accession register.
|